Renewal of business tenancies (Record no. 105659)
[ view plain ]
| 000 -LEADER | |
|---|---|
| fixed length control field | 01571cam a2200277 4500 |
| 001 - CONTROL NUMBER | |
| control field | ##L134396 |
| 008 - FIXED-LENGTH DATA ELEMENTS--GENERAL INFORMATION | |
| fixed length control field | 060802n2006 000 0 eng u |
| 020 ## - INTERNATIONAL STANDARD BOOK NUMBER | |
| International Standard Book Number | 97818553289934 |
| -- | 1853289930 |
| 035 ## - SYSTEM CONTROL NUMBER | |
| System control number | (Sirsi) u134396 |
| 041 0# - LANGUAGE CODE | |
| Language code of text/sound track or separate title | eng |
| 050 04 - LIBRARY OF CONGRESS CALL NUMBER | |
| Classification number | 346.4104343 $2 18 |
| 100 1# - MAIN ENTRY--PERSONAL NAME | |
| Personal name | Haley, Michael |
| 245 00 - TITLE STATEMENT | |
| Title | Renewal of business tenancies |
| Remainder of title | a practical guide |
| 260 ## - PUBLICATION, DISTRIBUTION, ETC. | |
| Place of publication, distribution, etc. | London |
| Name of publisher, distributor, etc. | Law Society |
| Date of publication, distribution, etc. | 2006 |
| 300 ## - PHYSICAL DESCRIPTION | |
| Extent | xxix, 320p |
| Dimensions | 24cm. |
| 350 ## - PRICE (NR) (BK AM CF MU VM SE) [OBSOLETE] | |
| Price | 59.95 |
| 505 0# - FORMATTED CONTENTS NOTE | |
| Formatted contents note | Past and present -- Statutory scheme -- Scope of the Act -- Landlord's s25 notice -- Tenant's rights: requesting a new tenancy and compensation -- Applications to court -- Interim rent - Discretionary grounds of opposition -- Mandatory grounds of opposition -- New lease. |
| 520 ## - SUMMARY, ETC. | |
| Summary, etc. | Provides a thorough guide through the intricacies and pitfalls of the procedure for renewing business tenancies following the amendment of the Landlord and Tenant Act 1954 Part II by the Regulatory Reform (Business Tenancies) (England and Wales) Order 2003. Covers the rights of the parties involved, legislation and cases, prescribed forms and notices and Part II of the Act. The law is stated as at 1 June 2006. |
| 590 ## - LOCAL NOTE (RLIN) | |
| Local note | IKA010806 |
| 650 24 - SUBJECT ADDED ENTRY--TOPICAL TERM | |
| Topical term or geographic name entry element | LANDLORD AND TENANT ACT 1954 PART II |
| 650 24 - SUBJECT ADDED ENTRY--TOPICAL TERM | |
| Topical term or geographic name entry element | LANDLORD AND TENANT ACT 1927 S23 |
| 650 24 - SUBJECT ADDED ENTRY--TOPICAL TERM | |
| Topical term or geographic name entry element | REGULATORY REFORM (BUSINESS TENANCIES) (ENGLAND AND WALES) ORDER 2003 |
| 651 #4 - SUBJECT ADDED ENTRY--GEOGRAPHIC NAME | |
| Geographic name | England and Wales |
| Chronological subdivision | 1543- |
| 690 ## - LOCAL SUBJECT ADDED ENTRY--TOPICAL TERM (OCLC, RLIN) | |
| Topical term or geographic name as entry element | PROPERTY-COMMERCIAL PROPERTY-LEASEHOLD COMMERCIAL PROPERTY-COMMERCIAL LANDLORD AND TENANT-BUSINESS TENANCIES |
| 942 ## - ADDED ENTRY ELEMENTS (KOHA) | |
| Suppress in OPAC | 0 |
| Withdrawn status | Lost status | Source of classification or shelving scheme | Damaged status | Not for loan | Home library | Current library | Shelving location | Date acquired | Total Checkouts | Full call number | Barcode | Date last seen | Date last checked out | Copy number | Price effective from | Koha item type |
|---|---|---|---|---|---|---|---|---|---|---|---|---|---|---|---|---|
| Dewey Decimal Classification | London | London | Books | 02/08/2006 | 29 | 346.4104343 HAL | 30072284 | 06/08/2019 | 14/12/2009 | 1 | 06/08/2019 | Book |